| 000 | 00822nam a2200241 i 4500 | ||
|---|---|---|---|
| 001 | 5652 | ||
| 003 | ES-MaACL | ||
| 005 | 20250822040044.0 | ||
| 007 | t| | ||
| 008 | 890412s1986 sp ||||0| spa d | ||
| 020 | _a84-86352-78-9 | ||
| 080 | _a159.943 | ||
| 100 | 1 |
_aMontejo Carrasco, Pedro. _982442 |
|
| 245 | 1 | 0 |
_aTratado sobre la agresividad _b: narcisismo, frustraccion [sic] y terrorismo / _cPedro Montejo Carrasco. |
| 260 |
_aMadrid : _bQuorum, _c1986. |
||
| 300 |
_a169 p. ; _c20 cm. |
||
| 490 | 1 |
_aBiblioteca básica de psicología general y aplicada ; _v12 |
|
| 500 | _aDed. autogr. del autor. | ||
| 650 | 1 | 4 |
_aAgresividad. _99668 |
| 830 | 0 | 0 |
_aBiblioteca básica de psicología general y aplicada _v12 _9227714 |
| 852 |
_aES-MaACL _jL-12440 _bR.113168 _z. - plast. |
||
| 999 |
_c5652 _d5652 |
||